Bir Jöntürk'ün serüveni (Record no. 10891)

MARC details
000 -BAŞLIK
Sabit Uzunlukta Kontrol Alanı 00825na a2200253 4500
001 - KONTROL NUMARASI
Denetim Alanı 24567
003 - KONTROL NUMARASI IDENTIFIER
Denetim Alanı MIRAKIL
005 - SON İŞLEM TARİHİ VE ZAMANI
Denetim Alanı 20181213155336.0
008 - SABİT-BOY VERİ ELEMANLARI - GENEL BİLGİLER
Sabit Uzunlukta Kontrol Alanı 181206b tu 000 0
020 ## - ULUSLARARASI STANDART KİTAP NUMARASI
Uluslararası Standart Kitap Numarası 9758454412
040 ## - KATALOGLAMA KAYNAK
Orijinal Kataloglama Ajansı Milas
Kataloglama Dili tur
Metne Dönüştürmek Ajansı TR-AnCHP
041 ## - DİL KODU
Metin / Ses Parça Veya Ayrı Başlığın Dil Kodu tur
082 ## - DEWEY ONLU SINIFLANDIRMA NUMARASI
Sınıflandırma Numarası 923.2
Ürün Numarası P64b 2002
090 ## - SINIFLAMA NUMARASI
Sınıflama Numarası 923.2 P64b 2002
100 ## - ANA GİRİŞ - KİŞİSEL İSİM
Kişisel Ad Polat, Nazım H.
245 ## - BAŞLIK TABLOSU
Başlık Bir Jöntürk'ün serüveni
Başlığın Kalan Dr. Şerafettin Mağmumi hayatı ve eserleri
Sorumluluk Tablosu, Vb Nazım H. Polat
246 ## - UNVAN FORM VARYING
Başlık Doğru / Kısa Başlığı Dr. Şerafettin Mağmumi hayatı ve eserleri
260 ## - YAYIN, DAĞITIM, VB
Yayın, Dağıtım, Vb Yeri İstanbul
Yayıncı, Dağıtıcı, Vs Adı Büke Yayınları
Yayın, Dağıtım, Vb Tarihi 2002
Üretici Firma Aydoğan Matbaası
300 ## - FİZİKSEL TANIM
Kapsam 253 s.
Diğer Fiziksel Ayrıntıları res.
Boyutlar 20 sm.
504 ## - KAYNAKÇA VB NOT
Kaynakça Vb Notu Kaynakça ve dizin var.
600 ## - KONU KATMA GİRİŞ - KURUMSAL ADI
Kişisel Ad Mağmumi, Şerafettin
Bir Adıyla İlişkilendirilen Tarihler 1869-1927
Genel Alt Bölümü Yaşamöyküsü
740 ## - KATMA GİRİŞ - KONTROLSUZ İLGİLİ / ANALİTİK BAŞLIK
Kontrol Edilmeyen / İlgili Analitik Başlıktaki Dr. Şerafettin Mağmumi hayatı ve eserleri
942 ## - EKLENDİ GİRİŞ ELEMANLARI (KOHA)
Sınıflandırma Veya Raf Düzeni Kaynak
Koha Öğesi Türü Books
999 ## - SİSTEM KONTROL NUMARALARI (KOHA)
Koha Biblionumber 10891
Koha Biblioitemnumber 10891
Holdings
Kalıcı Konum Mevcut Konum Edinme Tarihi Edinim Kaynak Toplam Check-Out'Lar Tam Çağrı Numarası Barkod Tarih Son Görülme İtibaren Geçerli Fiyatlar Sigara Kamu Notu Koha Öğesi Türü
CHP Kütüphanesi CHP Kütüphanesi 12/06/2018 Bağış   923.2 P64b 2002 018461 12/06/2018 12/06/2018 Bağışlayan: Ertuğrul Çepni Books